000
00310nam a2200133Ia 4500
100
_a
Liloyd/Edward
942
_c
BK
654
_a
Metal Industries
245
_a
Sheet Metal Industries Year Book 1972-3
260
_b
Sheet Metal Industries
_a
London
082
_a
671.8
_b
LIL
546
_a
ENGLISH
999
_c
29079
_d
29079